| 000 -LEADER |
| fixed length control field |
00667nam a22002055 4500 |
| 001 - CONTROL NUMBER |
| control field |
vdz2f0ptsb5kgpg8 |
| 003 - CONTROL NUMBER IDENTIFIER |
| control field |
LIBRIS |
| 005 - DATE AND TIME OF LATEST TRANSACTION |
| control field |
20241123153950.0 |
| 007 - PHYSICAL DESCRIPTION FIXED FIELD--GENERAL INFORMATION |
| fixed length control field |
cr ||| ||||| |
| 008 - FIXED-LENGTH DATA ELEMENTS--GENERAL INFORMATION |
| fixed length control field |
240306s2022 xx |||||o|||||000 ||eng|d |
| 020 ## - INTERNATIONAL STANDARD BOOK NUMBER |
| Canceled/invalid ISBN |
9280532642 (print) |
| 035 ## - SYSTEM CONTROL NUMBER |
| System control number |
(SFX)5700000000496072 |
| 040 ## - CATALOGING SOURCE |
| Original cataloging agency |
SEK |
| Transcribing agency |
KWIU |
| 041 ## - LANGUAGE CODE |
| Language code of text/sound track or separate title |
eng |
| 100 0# - MAIN ENTRY--PERSONAL NAME |
| Personal name |
World Intellectual Property Organization |
| 245 10 - TITLE STATEMENT |
| Title |
WIPO Patent Drafting Manual |
| Medium |
[Elektronisk resurs] |
| 264 #1 - PRODUCTION, PUBLICATION, DISTRIBUTION, MANUFACTURE, AND COPYRIGHT NOTICE |
| Name of producer, publisher, distributor, manufacturer |
World Intellectual Property Organization, |
| Date of production, publication, distribution, manufacture, or copyright notice |
2022 |
| 856 40 - ELECTRONIC LOCATION AND ACCESS |
| Uniform Resource Identifier |
<a href="https://www.wipo.int/edocs/pubdocs/en/wipo-pub-867-23-en-wipo-patent-drafting-manual.pdf">https://www.wipo.int/edocs/pubdocs/en/wipo-pub-867-23-en-wipo-patent-drafting-manual.pdf</a> |
| Link text |
Online Book |
| 942 ## - ADDED ENTRY ELEMENTS (KOHA) |
| Source of classification or shelving scheme |
|
| Koha item type |
Online link |